A book of stories
Αποθηκεύτηκε σε:
| Κύριος συγγραφέας: | |
|---|---|
| Μορφή: | Βιβλίο |
| Γλώσσα: | Undetermined |
| Έκδοση: |
New York, Estados Unidos
MacMillan
1965
|
| Θέματα: | |
| Ετικέτες: |
Προσθήκη ετικέτας
Δεν υπάρχουν, Καταχωρήστε ετικέτα πρώτοι!
|
MARC
| LEADER | 00000nam a2200000Ia 4500 | ||
|---|---|---|---|
| 008 | 170316s9999 xx 000 0 und d | ||
| 090 | |a 810 R-2b | ||
| 100 | |a Raphael, Brother | ||
| 245 | 2 | |a A book of stories | |
| 260 | |a New York, Estados Unidos | ||
| 260 | |b MacMillan | ||
| 260 | |c 1965 | ||
| 300 | |a 325 páginas | ||
| 650 | |a LITERATURA ESTADOUNIDENSE | ||
| 999 | |c 21486 |d 21486 | ||
| 040 | |a cru BVZT | ||
| 942 | |c 15 D |h 810 R-2b |2 z | ||
